• 首页
  • 本馆介绍
  • 公告通知
  • 最新文献
  • 馆藏检索
  • 电子资源
  • 读者导购
  • 参考咨询
  • 我的图书馆
  • 登录
  • 详细信息显示
  • 放入我的书架
  • 预约/预借图书
  • 作者相关作品
  • 分类相关作品
  • 丛书相关作品
  • 出版社相关作品

书目信息

  • 表格格式
  • 工作单格式
  • 卡片格式
题名:
一本书明白花生安全高效与规模化生产技术
    
 
作者: 范永强 主编
分册:  
出版信息: 济南   山东科学技术出版社  2018
页数: 113页
开本: 26cm
丛书名:
单 册:
中图分类: S565.2
科图分类:
主题词: 花生--栽培技术
电子资源:
ISBN: 978-7-5331-9187-0
000 00945nam0 2200241 450
001 012001000111
005 20131105101614.0
010    @a978-7-5331-9187-0@dCNY38.00
100    @a20181129d2018 em y0chiy50 ea
101 0  @achi
102    @aCN@b370000
105    @aa z 000yy
106    @ar
200 1  @a一本书明白花生安全高效与规模化生产技术@Ayi ben shu ming bai hua sheng an quan gao xiao yu gui mo hua sheng chan ji shu@f范永强主编
210    @a济南@c山东科学技术出版社@d2018
215    @a113页@c彩图@d26cm
300    @a“十三五”国家重点图书出版规划 新型职业农民书架·技走四方系列
330    @a本书分花生对环境条件的要求、花生土壤障碍问题、花生高产栽培、花生贮藏与加工4个单元,内容涉及:土壤条件、土壤酸化、土壤盐化、种植模式、优良品种、土壤改良等。
606 0  @a花生@x栽培技术
690    @aS565.2@v5
701  0 @a范永强@Afan yong qiang@f(1963~)@4主编
801  0 @aCN@b北京卓展文化@c20191020
905    @b1195393-6@dS565.2@e90@f4
    
    一本书明白花生安全高效与规模化生产技术/范永强主编.-济南:山东科学技术出版社,2018
    113页:彩图;26cm
    “十三五”国家重点图书出版规划 新型职业农民书架·技走四方系列
    
    ISBN 978-7-5331-9187-0:CNY38.00
    本书分花生对环境条件的要求、花生土壤障碍问题、花生高产栽培、花生贮藏与加工4个单元,内容涉及:土壤条件、土壤酸化、土壤盐化、种植模式、优良品种、土壤改良等。
●
相关链接 在E读中查询图书 在五车中查询图书 在当当中查询图书 在豆瓣中查询图书


正题名:一本书明白花生安全高效与规模化生产技术     索取号:S565.2/90         预约/预借

序号 登录号 条形码 馆藏地/架位号 状态 备注
1 1195393   211953938   第二样本阅览室/ [索取号:S565.2/90] 在馆    
2 1195394   211953947   第三借阅区/ [索取号:S565.2/90] 在馆    
3 1195395   211953956   第三借阅区/ [索取号:S565.2/90] 在馆    
4 1195396   211953965   第三借阅区/ [索取号:S565.2/90] 在馆    
唐山师范学院图书馆 欢迎您!
大连网信软件有限公司© 版权所有